| 000 | 01882nam0a2200373 4500 | ||
|---|---|---|---|
| 001 | RU\NLR\bibl\160974 | ||
| 005 | 20260407074928.0 | ||
| 010 |
_a5-7629-0110-6 _91500 |
||
| 035 | _a(NLR Aleph) 000157895 | ||
| 090 |
_a907650 _c907651 |
||
| 100 | _a20010606d1996 |||y0rusy50 ca | ||
| 101 | 0 | _arus | |
| 102 | _aRU | ||
| 105 | _aa ||||||||| | ||
| 200 | 1 |
_aКурсовое проектирование по теории электрических цепей _eУчеб. пособие для самостоят. работы студентов _f[А.П. Барков, С.А. Башарин, А.Н. Белянин и др.] _gГос. ком. РФ по высш. образованию, С.-Петерб. гос. электротехн. ун-т |
|
| 210 |
_aСПб. _cГЭТУ _d1996 |
||
| 215 |
_a133,[2] с. _cил., схем., граф. _d20 |
||
| 300 | _aАвт. указаны на обороте тит. л. | ||
| 320 | _aБиблиогр. в конце текста | ||
| 606 | 0 |
_aЭлектрические цепи _jКурсовое проектирование _xТеория _91978630 _3RU\NLR\auth\661193671 |
|
| 606 | 0 |
_aЭлектрические цепи _jУчебные издания для высшей школы _xТеория _xКурсовое проектирование _92212007 _3RU\NLR\auth\661328753 |
|
| 686 | _aЗ21173-5 | ||
| 701 | 1 |
_aБарков _bА. П. _4070 |
|
| 701 | 1 |
_aБашарин _bС. А. _4070 |
|
| 701 | 1 |
_aБелянин _bА. Н. _4070 |
|
| 712 | 0 | 2 |
_4570 _aСанкт-Петербургский государственный электротехнический университет _9279201 _3RU\NLR\AUTH\883930 |
| 801 | 0 |
_aRU _bNLR _c20010606 _gPSBO |
|
| 801 | 1 |
_aRU _bNLR _c20010606 |
|
| 852 |
_aNLR _j2000-3/16444 |
||
| 942 | _cBOOK | ||
| 980 | _aNB | ||